000 01079nam a2200253 a 4500
001 000015803
005 20200929164147.0
008 100218s1948 dr 001 0 spa d
040 _aDO-SdBNP
_bspa
_cBNPHu
082 _a341.02667293
_bR426tr
110 1 _aRepública Dominicana.
_bSecretaría de Estado de Relaciones Exteriores
_92256
240 1 0 _aTratados, etc.
245 1 0 _aTratados, convenciones y acuerdos vigentes en la República Dominicana :
_bel 31 de marzo de 1948 /.
260 _aCiudad Trujillo, República Dominicana :
_bSan Francisco de Papelera,
_c1948.
300 _a63 p. ;
_c24 cm.
500 _aIncluye notas al pie de las páginas.
650 4 _aTratados comerciales
_zRepública Dominicana
_912395
650 4 _aNegociaciones comerciales
_99612
651 4 _aRepública Dominicana
_xRelaciones Exteriores
_xTratados
_911787
651 4 _aRepública Dominicana
_xTratados Internacionales
_99650
651 4 _aRepública Dominicana
_xPolítica Y Gobierno
_yERA DE TRUJILLO, 1930-1961
_91374
910 _aValidado. Control de calidad EMS.
049 _aBNPD
999 _c15349
_d15349